000
00322nam a22001457a 4500
003
SGT
020
_a
9789393324030
082
_a
345.05
_b
JAI
100
_a
JAIN ASHOK K
245
_a
CRIMINAL LAW I
_b
INDIAN PENALCODE I
250
_a
7
260
_a
DELHI
_b
ASCENT PUBLICATION
_c
2024
300
_a
581
942
_2
ddc
_c
BK
_0
3
999
_c
25751
_d
25751